At home with the gopher tortoise : the story of a keystone species /

"...is about the gopher tortoise and the more than 360 different kinds of animals that depend upon it for survival. From owls to rabbits to skunks to scorpions, many animals use gopher tortoise burrows for shelter, food, or a place to raise their young. In this fascinating tale of ecological in...

Full description

Bibliographic Details
Main Author: Dunphy, Madeleine
Other Authors: Rothman, Michael, 1948-
Format: Book
Language:English
Published: Berkeley, Calif. : Web of Life Children's Books, 2010.
Subjects:

MARC

Tag First Indicator Second Indicator Subfields
LEADER 00000cam a2200000Ia 4500
001 in00002656607
005 20151202120115.0
008 100118s2010 cauab b 000 0 eng d
010 |a  2009939361 
019 |a 653235917 
020 |a 9780977753963 
020 |a 0977753964 
020 |a 9780977753956 (pbk.) 
020 |a 0977753956 (pbk.) 
035 |a (OCoLC)ocn500801432 
035 |a (OCoLC)500801432 
040 |a BTCTA  |b eng  |c BTCTA  |d ZGX  |d BKX  |d JP3  |d ZPP  |d DNN  |d LEO  |d EHH  |d YDXCP  |d UtOrBLW 
049 |a TXAM 
082 0 4 |a 597.92/4  |2 22 
090 |a QL666.C584  |b D86 2010 
100 1 |a Dunphy, Madeleine. 
245 1 0 |a At home with the gopher tortoise :  |b the story of a keystone species /  |c Madeleine Dunphy ; illustrated by Michael Rothman. 
246 3 0 |a Story of a keystone species 
264 1 |a Berkeley, Calif. :  |b Web of Life Children's Books,  |c 2010. 
300 |a 1 volume (unpaged) :  |b illustrations (chiefly color), color map ;  |c 23 x 26 cm. 
336 |a text  |b txt  |2 rdacontent 
337 |a unmediated  |b n  |2 rdamedia 
338 |a volume  |b nc  |2 rdacarrier 
521 1 |a 005-009. 
520 |a "...is about the gopher tortoise and the more than 360 different kinds of animals that depend upon it for survival. From owls to rabbits to skunks to scorpions, many animals use gopher tortoise burrows for shelter, food, or a place to raise their young. In this fascinating tale of ecological interdependency, children learn that the fate of one species can affect the fate of many."--P.[4] of cover. 
650 0 |a Gopher tortoise  |v Juvenile literature. 
650 0 |a Turtles  |v Juvenile literature. 
650 0 |a Keystone species  |v Juvenile literature. 
650 1 |a Gopher tortoise. 
650 1 |a Turtles. 
650 1 |a Keystone species. 
700 1 |a Rothman, Michael,  |d 1948- 
938 |a Baker and Taylor  |b BTCP  |n BK0008719066 
938 |a YBP Library Services  |b YANK  |n 3621195 
945 |a PromptCat  |b 282181 
946 |a curr 
947 |a A14840612535 
994 |a 92  |b TXA 
948 |a Cataloged  |b h  |c 2011/3/23  |d c  |e EGrant 
999 |a MARS 
999 f f |s cc1bac5e-d0c3-31a6-aef0-19a80f26dfd7  |i 6c75af68-b7d4-34bc-8f12-1d67802b58a1  |t 0 
952 f f |p normal  |a Texas A&M University  |b College Station  |c Sterling C. Evans Library  |d Evans: Curriculum Collection (4th floor)  |t 0  |e QL666.C584 D86 2010  |h Library of Congress classification  |i unmediated -- volume  |m A14840612535 
998 f f |a QL666.C584 D86 2010  |t 0  |l Evans: Curriculum Collection (4th floor)